Handbook of fertilizers; (Record no. 480210)
[ view plain ]
| 000 -LEADER | |
|---|---|
| fixed length control field | 00782cam a22002531 4500 |
| 001 - CONTROL NUMBER | |
| control field | 7374160 |
| 003 - CONTROL NUMBER IDENTIFIER | |
| control field | ASAB |
| 005 - DATE AND TIME OF LATEST TRANSACTION | |
| control field | 20180827062654.0 |
| 008 - FIXED-LENGTH DATA ELEMENTS--GENERAL INFORMATION | |
| fixed length control field | 800111s1939 nyua 000 0 eng |
| 010 ## - LIBRARY OF CONGRESS CONTROL NUMBER | |
| LC control number | 39004009 |
| 035 ## - SYSTEM CONTROL NUMBER | |
| System control number | (OCoLC)5865686 |
| 040 ## - CATALOGING SOURCE | |
| Original cataloging agency | DLC |
| Transcribing agency | ASAB |
| Modifying agency | NcRS |
| -- | DLC |
| 042 ## - AUTHENTICATION CODE | |
| Authentication code | premarc |
| 050 00 - LIBRARY OF CONGRESS CALL NUMBER | |
| Classification number | S633 |
| Item number | .G87 1939 |
| 082 ## - DEWEY DECIMAL CLASSIFICATION NUMBER | |
| Classification number | 631.8 |
| 100 1# - MAIN ENTRY--PERSONAL NAME | |
| Personal name | Gustafson, Axel Ferdinand, |
| Dates associated with a name | 1880- |
| 9 (RLIN) | 2098 |
| 245 10 - TITLE STATEMENT | |
| Title | Handbook of fertilizers; |
| Remainder of title | their sources, make-up, effects and use, |
| Statement of responsibility, etc. | by A. F. Gustafson. |
| 250 ## - EDITION STATEMENT | |
| Edition statement | 3d ed. |
| 260 ## - PUBLICATION, DISTRIBUTION, ETC. | |
| Place of publication, distribution, etc. | New York, |
| Name of publisher, distributor, etc. | Orange Judd Pub. Co., |
| Date of publication, distribution, etc. | 1939. |
| 300 ## - PHYSICAL DESCRIPTION | |
| Extent | 172 p. |
| Other physical details | illus. |
| Dimensions | 21 cm. |
| 500 ## - GENERAL NOTE | |
| General note | "Revised March, 1932; revised and reset January, 1939." |
| 906 ## - LOCAL DATA ELEMENT F, LDF (RLIN) | |
| a | 7 |
| b | cbc |
| c | oclcrpl |
| d | u |
| e | ncip |
| f | 19 |
| g | y-gencatlg |
| 942 ## - ADDED ENTRY ELEMENTS (KOHA) | |
| Source of classification or shelving scheme | |
| Koha item type | Book |
| Withdrawn status | Lost status | Source of classification or shelving scheme | Damaged status | Not for loan | Collection code | Permanent Location | Current Location | Date acquired | Total Checkouts | Full call number | Barcode | Date last seen | Price effective from | Koha item type |
|---|---|---|---|---|---|---|---|---|---|---|---|---|---|---|
| Central Library (CL) | Central Library (CL) | 10/17/2016 | 631.8 GUS | ASAB2143 | 10/17/2016 | 10/17/2016 | Book |
